Mémoire sur l'action physiologique et thérapeutique des ferrugineux / (Record no. 162817)

MARC details
000 -LEADER
campo de control de longitud fija 01018nam a22001935i 4500
001 - NÚMERO DE CONTROL
campo de control 162817
003 - IDENTIFICADOR DE NÚMERO DE CONTROL
campo de control ES-MaACL
005 - FECHA Y HORA DE LA ÚLTIMA TRANSACCIÓN
campo de control 20230906212618.0
008 - DATOS DE LONGITUD FIJA--INFORMACIÓN GENERAL
campo de control de longitud fija 050704s1854 fr |||| | fre d
040 ## - FUENTE DE CATALOGACIÓN
Centro catalogador/agencia de origen CAM
Lengua de catalogación spa
Centro/agencia transcriptor CAM
100 1# - ENTRADA PRINCIPAL--NOMBRE DE PERSONA
Nombre de persona Quevenne, Théodore-Auguste.
9 (RLIN) 131516
245 10 - MENCIÓN DEL TÍTULO
Título Mémoire sur l'action physiologique et thérapeutique des ferrugineux /
Mención de responsabilidad, etc. par T.-A. Quevenne.
260 ## - PUBLICACIÓN, DISTRIBUCIÓN, ETC.
Lugar de publicación, distribución, etc. Paris; a Londres et a New-York; a Madrid :
Nombre del editor, distribuidor, etc. chez Germer Baillière, libraire-éditeur.
300 ## - DESCRIPCIÓN FÍSICA
Extensión 356, [2] p. ;
Dimensiones 22 cm.
490 1# - MENCIÓN DE SERIE
Mención de serie Archives de physiologie, de thérapeutique et d'hygiene / sous la direction de M. Bouchardat ;
Designación de volumen o secuencia 2, octubre 1854
830 0# - PUNTO DE ACCESO ADICIONAL DE SERIE-TÍTULO UNIFORME
Título uniforme Archives de physiologie, de thérapeutique et d'hygiene / sous la direction de M. Bouchardat ;
Designación de volumen o secuencia 2, octubre 1854
9 (RLIN) 222228
852 ## - LOCALIZACIÓN
Ubicación ES-MaACL
Número de control de estantería G-15435
Nota libre -- Enc. hol., conservando la enc. original
-- -- Legado de gustavo Sáenz Díez, Sept. 1893
-- -- Ded. del autor al Dr. Gutiérrez, profesor de medicina clínica en Madrid
Holdings
Estatus retirado Estado de pérdida Estado de daño No para préstamo Biblioteca de origen Biblioteca actual Ubicación en estantería Fecha de adquisición Fuente de adquisición Total de préstamos Signatura topográfica completa Código de barras Visto por última vez Precio de reemplazo Tipo de ítem Koha
        Biblioteca del Ateneo de Madrid Biblioteca del Ateneo de Madrid Sala Pecera Planta 3 17/01/2008     G-15435 1170587 23/02/2023 23/02/2023 Libro impreso